000
00288nam a22001337a 4500
008
170912b xxu||||| |||| 00| 0 eng d
020
_a
0030494818
041
_a
eng
080
_a
53
100
_a
43
101
_a
FIZ
245
_a
PRINCIPLES OF PHYSICS
_c
MARION,J,.B
942
_2
udc
_c
BK
999
_c
27325
_d
27325